000 00497nam a2200181 4500
003 SEACOMEC
005 20240709132907.0
008 240709b |||||||| |||| 00| 0 eng d
020 _a 8125911634
_c200.00
040 _aSEACOMEC
082 _a658.402
_bL834
100 _aLomash, Sukul;
245 _aBusiness policy and strategic management
_cSukul; Lomash and P.K. Mishra
260 _aNew Delhi : Vikas Publishing House: , 2006
300 _a381p
700 _aMishra, P K
942 _cBOOK
999 _c1399
_d1399